Responses for show #6854 - Thursday, June 5, 2014

Contestants

Molly Lalonde, a pediatric nurse practitioner student from Nashville, Tennessee

Stacy Layton, a business strategist from Boston, Massachusetts

Sarah Fremgen, a microbiologist from Carrollton, Texas (whose 2-day cash winnings total $52,400)

Jeopardy! Round responses

MYTHOLOGICAL WORDS & PHRASES
YOUNG MR. LINCOLN
MARKETING
SHEEP-POURRI
(Alex: Ooh, that's weird.)
IS THERE A TV DOCTOR IN THE HOUSE?
"G"EOGRAPHY
    $200 1
ashes

Stacy
    $200 13
Kentucky

Molly
    $200 3
Coca-Cola

Stacy
    $200 2
(Sarah: What is space?)

station

Sarah
Triple Stumper
    $200 9
General Hospital

Stacy
    $200 20
Green Bay

Sarah
    $400 5
flora

Sarah
    $400 17
slavery

Sarah
    $400 4
Des Moines

Sarah
    $400 14
Scrubs

Sarah
    $400 21
Geneva

Stacy
    $600 6
(Alex: By [*], yes.)

Jove

Sarah
    $600 19
practice law

Sarah
    $600 10
sales force

Stacy
    $600 29
[The end-of-round signal sounds.]

Serta

Stacy
    $600 15
CSI

Molly
    $600 24
the Galapagos

Sarah
    $800 7
Adonis

Sarah
    $3,200 22
(Stacy: Who is Millard Fillmore?)

Andrew Jackson

Stacy
    $800 11
Taco Bell

Stacy
    $800 28
(Sarah: What is "Little Bo Peep"?)
(Molly: What is "Baa Baa Black Sheep"?)

"Mary Had a Little Lamb"

SarahMolly
Triple Stumper
    $800 16
The Mindy Project

Stacy
    $800 25
Georgia

Molly
    $1000 8
bow

Sarah
    $1000 23
Black Hawk War

Molly
    $1000 12
Anheuser-Busch

Triple Stumper
    $1000 27
Black Sheep squadron

Stacy
    $1000 18
Nip/Tuck

Molly
    $1000 26
Glen Canyon

Triple Stumper

Scores at the first commercial break (after clue 15):

Sarah Stacy Molly
$3,400 $2,000 $800

Scores at the end of the Jeopardy! Round:

Sarah Stacy Molly
$4,400 $1,600 $2,800

Double Jeopardy! Round responses

PUTTING THE HAM IN HAMLET
(Alex: You players have to identify the speaker of the lines.)
THE "BUL" PULPIT
PSYCHOLOGY
THE STATE OF FILM TODAY
HYMNS
HERRS
(Alex: Or more properly, [Alex pronounces the word in German (sounding like "hairs")] -- German.)
    $400 3
[Alex reads the clue as Humphrey Bogart.]

Claudius

Molly
    $400 1
bulge

Stacy
    $400 7
(Molly: What is a seizure?)

memory

Molly
Triple Stumper
    $400 18
The Texas Chain Saw Massacre

Molly
    $400 17
Maria

Molly
    $400 16
(Molly: What is Herman?)
...
(Alex: [*] Kohl, [*] Schmidt.)

Helmut

SarahMolly
    $800 4
[Alex reads the clue as Margaret Hamilton.]
(Stacy: Who is Ophelia?)

Gertrude

StacyMolly
    $800 2
bulletin

Molly
    $800 8
garlic

Sarah
    $800 19
Nebraska

Sarah
    $800 20
binds

Stacy
    $800 24
euro

Sarah
    $4,800 5
[Alex reads the clue as Vivien Leigh.]

Ophelia

Molly
    $1200 9
bulbous

Molly
    $1200 13
electroencephalogram

Sarah
    $1200 27
(Sarah: What is There Will Be Blood?)

Gangs of New York

SarahMolly
    $1200 21
Christian Soldiers

Sarah
    $1200 25
(Boris) Becker

Sarah
    $1600 6
[Alex reads the clue as Clark Gable.]

Polonius

Sarah
    $1600 11
bulimia

Stacy
    $1600 14
(Hermann) Rorschach

Stacy
    $1600 28
(Stacy: What is A Time to Kill?)

Mississippi Burning

Stacy
Triple Stumper
    $1600 22
friend

Stacy
    $2,000 26
(Sarah: I don't know.)

(Rudolf) Diesel

Sarah
    $2000 10
[Alex reads the clue as Peter Lorre.]

Horatio

Triple Stumper
    $2000 12
bulrushes

Triple Stumper
    $2000 15
est seminars

Triple Stumper
    $2000 29
[The end-of-round signal sounds.]

The Missouri Breaks

Triple Stumper
    $2000 23
the river

Sarah
    $2000 30
Der Spiegel

Triple Stumper

Scores at the end of the Double Jeopardy! Round:

Sarah Stacy Molly
$11,200 $5,200 $12,000

[wagering suggestions for these scores]

Final Jeopardy! Round responses

19th CENTURY U.S. HISTORY
StacyWhat is The Statue of Liberty
$5,200
SarahWhat is the Statue of Liberty?
$5,000
MollyWhat is the Statue of Liberty?
$11,000
The Statue of Liberty

Final scores:

Sarah Stacy Molly
$16,200 $10,400 $23,000
2nd place: $2,000 3rd place: $1,000 New champion: $23,000

Game dynamics:

Coryat scores:

Sarah Stacy Molly
$13,200 $8,400 $8,400
19 R,
4 W
(including 1 DD)
14 R,
3 W
(including 1 DD)
13 R
(including 1 DD),
3 W

Combined Coryat: $30,000

The J! Archive is created by fans, for fans. The Jeopardy! game show and all elements thereof, including but not limited to copyright and trademark thereto, are the property of Jeopardy Productions, Inc. and are protected under law. This website is not affiliated with, sponsored by, or operated by Jeopardy Productions, Inc. Join the discussion at JBoard.tv.